Escapar por la frontera colombo-venezolana /
Enregistré dans:
| Auteur principal: | |
|---|---|
| Format: | Livre |
| Langue: | Spanish |
| Accès en ligne: | texto completo desde el sitio de la revista |
| Tags: |
Ajouter un tag
Pas de tags, Soyez le premier à ajouter un tag!
|
MARC
| LEADER | 00000nam a22000007a 4500 | ||
|---|---|---|---|
| 003 | cru CIDCACS/IIS | ||
| 005 | 20200131160449.0 | ||
| 007 | ta | ||
| 008 | 200131s2019 ag |||p|r||||||0| ||spa d | ||
| 999 | |c 42916 |d 42916 | ||
| 040 | |c cru CIDCACS/IIS | ||
| 100 | 1 | |9 9039 |a Acosta, Yorelis | |
| 245 | 1 | |a Escapar por la frontera colombo-venezolana / |c Yorelis Acosta | |
| 300 | |a páginas 83-93: |b tabla, gráfico | ||
| 773 | 0 | |0 19022 |9 4422 |a Fundación Friedrich Ebert |d Fundación Friedrich Ebert; Nueva Sociedad Buenos Aires, Argentina |o agregar |t Nueva Sociedad / | |
| 856 | |u https://www.nuso.org/media/articles/downloads/5.TC_Acosta_284.pdf |y texto completo desde el sitio de la revista | ||
| 942 | |2 ddc |c PP | ||
